Flag Quiz - Statistics

General Stats
  • This quiz has been taken 23 times
  • The average score is 10 of 17
Answer Stats
% Correct
What shape is featured on the flags of all five Scandinavian countries? Cross
90%
Which country's flag contains the phrase "order and progress" written in Portuguese? Brazil
80%
What is symbolised by the red circle on the flag of Japan? The rising sun
75%
What animal is on the state flag of California? Bear
70%
The Olympic flag contains rings in blue, yellow, green, red and which other colour? Black
70%
Which African nation's flag is the reverse of Ireland's? Ivory Coast
65%
Name the two European nations whose outline map appears on their flag Cyprus
60%
What is the only nation's flag to have more than four sides? Nepal
60%
Which country's flag is Monaco's upside down? Poland
60%
Which country's flag contains green and orange to symbolise Catholicism and Protestantism? Ireland
55%
Which country features a Maasai shield and two spears on its flag? Kenya
55%
Kosovo
50%
What constellation appears in the flags of Australia and New Zealand? Southern Cross
50%
What is depicted in the centre of Cambodia's flag? Angkor Wat
40%
Which country voted 57% in favour of keeping its current national flag design in a 2016 referendum? New Zealand
35%
What is in the top left corner of the state flag of Hawaii? Union flag
35%
What is the term for the study of flags? Vexillology
10%
No matching quizzes found
Score Distribution
Percent of People with Each Score
Percentile by Number Answered
Your Score History
You have not taken this quiz